| 000 | 00716nam a2200229Ia 4500 | ||
|---|---|---|---|
| 008 | 160319s9999 xx 000 0 und d | ||
| 020 | _a971-584-403-0 | ||
| 050 | _aFIL LC 220.5 | ||
| 050 | _b.N38 2005 c.3 | ||
| 245 | _aNational service training program : | ||
| 245 | _bliteracy training service : book 2 : day care instructional materials / | ||
| 245 | _cMa. Lourdes Floresta… [et al] | ||
| 260 | _aQuezon City: | ||
| 260 | _bC & E Pub. Inc., | ||
| 260 | _c2005 | ||
| 300 | _a128 pages : | ||
| 300 | _billustrations ; | ||
| 300 | _c26 cm. | ||
| 650 | _aCommunity and school -- Philippines. | ||
| 650 | _aService learning -- Philippines. | ||
| 650 | _xEducation -- Social aspects -- Philippines. | ||
| 999 |
_c291671 _d291671 |
||